Mathematische Informationstheorie Probleme und neuere Ergebnisse
Na minha lista:
| Autor principal: | |
|---|---|
| Outros Autores: | |
| Formato: | Livro |
| Idioma: | alemão |
| Publicado em: |
Berlin
Akademie
1980
|
| Tags: |
Sem tags, seja o primeiro a adicionar uma tag!
|
MARC
| LEADER | 00000nam a2200000 4500 | ||
|---|---|---|---|
| 001 | c142786 | ||
| 005 | 20041019155325.8 | ||
| 041 | 0 | |a ger | |
| 044 | |a DE | ||
| 245 | 1 | 0 | |a Mathematische Informationstheorie |b Probleme und neuere Ergebnisse |c Dieter Pötschke, Fred Sobik |
| 264 | 1 | |a Berlin |b Akademie |c 1980 | |
| 300 | |a 253 s. | ||
| 100 | 1 | |a Pötschke, Dieter | |
| 700 | 1 | |a Sobik, Fred | |